000
00212 a2200097 4500
001
13924
100
_a
Huxby Aldous
245
_a
Brave New World
260
_a
Sydney
_b
Angus & Robertson
_c
090
_c
10892
_d
10892
942
_a
NUST-CAE
_c
M
_c
994
999
_c
248997
_d
248997